| 000 | 00846nam a22002657a 4500 | ||
|---|---|---|---|
| 001 | BR7500550 | ||
| 003 | BR-BrBNA | ||
| 005 | 20230928084722.0 | ||
| 007 | ta | ||
| 008 | 230509b bl.||||| |||| 00| 0 por d | ||
| 040 |
_aBR-BrBNA _bpor _cBiblioteca Nacional de Agricultura |
||
| 041 | _a(Por) | ||
| 072 |
_aE30; E50 _b/G514 |
||
| 090 | _ E30 BR7500550 | ||
| 110 | 1 |
_aAssociacao de Credito e Assistencia Rural do Estado do Para, Belem (Brasil) _9493 |
|
| 245 | 1 |
_aProjeto transamazonica extensao rural. Relatorio l. trimestre _bTermo de ajuste MA/ACAR - Para. Programa de Integracao Nacional |
|
| 260 | 3 |
_aBelem, PA (Brasil): _c1975. |
|
| 300 | _a27 p. | ||
| 650 | _aPROJETO DE DESENVOLVIMENTO | ||
| 650 | _aPROJETO DE COLONIZACAO | ||
| 650 | _aEXTENSAO RURAL | ||
| 650 | _aPARA | ||
| 909 |
_a202309 _bLucia _c55 _dLucia Elande |
||
| 942 | _cBK | ||
| 999 |
_c20687 _d20687 |
||